Novels A-Z Quiz Stats

Quiz Updated Mar 29, 2015

Also try: Best Novels A-Z
Challenge
Share
Tweet
Embed
Score 0/26 Timer 08:00
7 Plays Today
Year Title % Correct
H. 1937The Hobbit
90.3%
G. 1925The Great Gatsby
89.9%
F. 1818Frankenstein
86.5%
D. 2003The Da Vinci Code
86.4%
B. 1932Brave New World
70.9%
U. 1852Uncle Tom's Cabin
68.2%
S. 1850The Scarlet Letter
65.1%
A. 1957Atlas Shrugged
64.9%
C. 1961Catch-22
64.5%
J. 1906The Jungle
61.8%
L. 1954Lord of the Flies
59.9%
O. 1952The Old Man and the Sea
58.7%
K. 2003The Kite Runner
58%
Year Title % Correct
I. 1966In Cold Blood
54.5%
T. 1958Things Fall Apart
33.1%
M. 1925Mrs. Dalloway
28.6%
N. 1839Nicholas Nickleby
28.4%
W. 1972Watership Down
21.6%
P. 1989The Pillars of the Earth
19.2%
V. 1966Valley of the Dolls
16.6%
R. 1933The Red Pony
15.1%
X. 1991Xenocide
8.8%
Z. 1974Zen and the Art of Motorcycle Maintenance: An Inquiry into Values
8.3%
Q. 2002“Q” is for Quarry
6.3%
Y. 2009The Year of the Flood
4.8%
E. 1987The Eyes of the Dragon
4.1%

You're not logged in!

Compare scores with friends on all Sporcle quizzes.
Join for Free
OR
Log In

You Might Also Like...

Show Comments

Extras

Top Quizzes Today


Score Distribution

Your Account Isn't Verified!

In order to create a playlist on Sporcle, you need to verify the email address you used during registration. Go to your Sporcle Settings to finish the process.

Report this User

Report this user for behavior that violates our Community Guidelines.

Details: